American English to British and American English - Statistics

General Stats
  • This quiz has been taken 37 times
  • The average score is 7 of 15
Answer Stats
Hint Answer % Correct
Cookie Biscuit
77%
Chips Crisps
77%
Apartment Flat
77%
Vacation Holiday
77%
Trash Can Bin
71%
Trash Rubbish
69%
Parking Lot Car Park
66%
Butt Bum
51%
Friend Mate
51%
Shrimp Prawn
49%
Man Lad
26%
Breakfast Brekkie
20%
Afternoon Arvo
11%
Suspicious Dodgy
11%
Kangaroo Jason
0%
No matching quizzes found
Score Distribution
Percent of People with Each Score
Percentile by Number Answered
Your Score History
You have not taken this quiz